000 00352nam a2200109Ia 4500
008 171211s9999 xx 000 0 und d
245 _aLearning Technology for Education in Cloud
245 _cJane Sinclair, Lorna Uden, and Yu-Hui Tao
260 _c2014
650 _xINFORMATION TECHNOLOGIES
856 _uhttp://down.ebook777.com/064/9783319106700.pdf
999 _c349707
_d349707